000
00279nam a2200109Ia 4500
008
200302s9999 xx 000 0 und d
100
_a
Hilary Lewis
245
_a
Mitchell Giurgola Architects
260
_b
The Images Publishing Group Pvt. Ltd.
260
_c
2008
300
_a
263 P.,
999
_c
2884
_d
2884